Reflexiones sobre la izquierda en Latinoamérica
Guardado en:
| 格式: | Texto |
|---|---|
| 主題: | |
| 標簽: |
添加標簽
沒有標簽, 成為第一個標記此記錄!
|
MARC
| LEADER | 00000 a a2200000 04500 | ||
|---|---|---|---|
| 001 | 6716 | ||
| 003 | |||
| 040 | |||
| 245 | |a Reflexiones sobre la izquierda en Latinoamérica | ||
| 650 | |a POLITICA | ||
| 650 | |a PARTIDOS POLITICOS | ||
| 650 | |a AMERICA LATINA | ||
| 773 | |g volumen 25, número 1178; páginas 4-5 | ||
| 999 | |c 23533 |d 23533 | ||
